000 00444cam a2200157 4500
008 141016n 000 0 eng u
020 _a9781582971797
035 _a(Sirsi) a185651
050 _aPN 147 HEF 2000
100 _aHeffron, Jack
245 _aThe writer's idea book/
_cby Jack Heffron
260 _aCincinnati, Ohio:
_bF+W Publications,
_c2000.
504 _aIncludes index
650 _aAuthorship
650 _aCreative writing
999 _c122571
_d122571